000 00484cam a2200181ua 4500
001 3541
008 111121n ii |||gr||||Z||||||asm
040 _cMAIN
082 _a891.4518
100 _aSarma, Sashi,
245 1 1 _aJaruri abastat asamiya budhijibir bhumika
_cby Sashi Sarma
250 _a1st.
260 _aKolkatta:
_bSree bhumi publishing company,977.
300 _a37p:
_c23cm.
653 _aAssamese
653 _aJaruri abastat asamiya budhijibir bhumika
942 _cBK
999 _c3382
_d3382